000
00282nam a2200097Ia 4500
008
220120s9999||||xx |||||||||||||| ||und||
100
_a
Rajith, R
_9
12037
245
0
_a
World war II
260
_a
Coorg Institute of Technology
_b
Ponnampet
_c
2005
650
_a
ELECTRONICS AND COMMUNICATIONS
999
_c
137621
_d
137621